• 首页
  • 本馆介绍
  • 公告通知
  • 最新文献
  • 馆藏检索
  • 电子资源
  • 读者导购
  • 参考咨询
  • 我的图书馆
  • 登录
  • 详细信息显示
  • 放入我的书架
  • 预约/预借图书
  • 作者相关作品
  • 分类相关作品
  • 丛书相关作品
  • 出版社相关作品

书目信息

  • 表格格式
  • 工作单格式
  • 卡片格式
题名:
中国奴隶制度的探讨
    
 
作者: 沙文汉 著
分册:  
出版信息: 上海   上海社会科学院出版社  1984.10
页数: 114页
开本: 19cm
丛书名:
单 册:
中图分类: K220.7
科图分类:
主题词: 中国--古代史--奴隶社会
电子资源:
ISBN:
000 00554nam0 2200193 45
001 0312221749
005 20041220155130.9
010    @dCNY0.70
100    @a20031222d1984 km y0chiy0120 ea
101    @achi
105    @a z 000yy
200 1  @a中国奴隶制度的探讨@AZhong Guo Nu Li Zhi Du De Tan Tao@f沙文汉著@FSha Wen Han Zhu
210    @a上海@c上海社会科学院出版社@d1984.10
215    @a114页@c照片@d19cm
606 0  @a中国@x古代史@x奴隶社会
690    @aK220.7@v3
701 0  @a沙文汉@4著
801    @aCN@bTSTCL@c20031222
905    @dK220.7@e11@f1@b129830
    
    中国奴隶制度的探讨/沙文汉著.-上海:上海社会科学院出版社,1984.10
    114页:照片;19cm
    
    
    ISBN :CNY0.70
    
●
相关链接 在E读中查询图书 在五车中查询图书 在当当中查询图书 在豆瓣中查询图书


正题名:中国奴隶制度的探讨     索取号:K220.7/11         预约/预借

序号 登录号 条形码 馆藏地/架位号 状态 备注
1 0129830   001974028   密集书库/ [索取号:K220.7/11] 在馆    
2 0129831   001280107   密集书库/ [索取号:K220.7/11] 在馆    
3 0129832   202443668   第二样本阅览室/ [索取号:K220.7/11] 在馆    
唐山师范学院图书馆 欢迎您!
大连网信软件有限公司© 版权所有